000 00377nam a2200145Ia 4500
008 230718s9999 xx 000 0 und d
041 _aEng.
082 _a891.439
_bبخش-س
100 _aبخش، میاں محمد
245 0 _aسیف الملوک
260 _aPakistan
_bالفیل کا سرور دوبار اگر
_c2000
300 _a552
650 _aLaw
999 _c28878
_d28878